00797nam a2200217Ia 4500003000900000008004100009020001800050040001600068080001500084100002300099245014400122260003600266300001600302650002800318650001800346650003800364700002000402942000700422999001700429952013300446IN-BaIIA211028s9999 xx 000 0 eng d a0-12-351530-0 cIIA Library a533.1bPHY aHofer, W. O920792 0aPhysical processes of the interaction of fusion plasmas with solidscW. O Hofer and J. Roth  aSan DiegobAcademic Pressc1996 axiii, 389p. aControlled fusion93830 aPlasmas91898 aSolids - radiation effects920793 aRoth, J.920794 cBK c11955d11955 00104070aBANbBANcGENd1996-12-05eEDS g2518.20l0o533.1/ PHYp12871r2021-11-05v2518.20w1996-12-05yBKGRs. 2518.20